书目信息 |
| 题名: |
网络文化建设与管理
|
|
| 作者: | ;山东省网络文化办公室 编著 | |
| 分册: | ||
| 出版信息: | 济南 山东人民出版社 2009.08 |
|
| 页数: | 195页 | |
| 开本: | 24cm | |
| 丛书名: | ||
| 单 册: | ||
| 中图分类: | TP393-05 | |
| 科图分类: | ||
| 主题词: | 计算机网络--ji suan ji wang luo--文化--研究 | |
| 电子资源: | ||
| ISBN: | 978-7-209-05026-5 | |
| 000 | 00925nam0 2200229 450 | |
| 001 | 012009576015 | |
| 005 | 20100412102704.26 | |
| 010 | @a978-7-209-05026-5@dCNY32.00 | |
| 100 | @a20100408d2009 em y0chiy0120 ea | |
| 101 | 0 | @achi |
| 102 | @aCN@b370000 | |
| 105 | @ay z 000yy | |
| 106 | @ar | |
| 200 | 1 | @a网络文化建设与管理@Awang luo wen hua jian she yu guan li@f山东省网络文化办公室编著@Fshan dong sheng wang luo wen hua ban gong shi bian zhu |
| 210 | @a济南@c山东人民出版社@d2009.08 | |
| 215 | @a195页@d24cm | |
| 330 | @a本书内容有:充分认识加强网络文化建设和管理的极端重要性、建设中国特色社会主义网络文化、加强网络文化阵地建设、提高网络公共文化产品和服务供给能力等等。 | |
| 606 | 0 | @a计算机网络@Aji suan ji wang luo@x文化@x研究 |
| 690 | @aTP393-05@v4 | |
| 711 | 02 | @a山东省网络文化办公室@Ashan dong sheng wang luo wen hua ban gong shi@4编著 |
| 801 | 0 | @aCN@bQSSK@c20100412 |
| 905 | @b775632-34@dTP393-05@eS111@f3 | |
| 网络文化建设与管理/山东省网络文化办公室编著.-济南:山东人民出版社,2009.08 |
| 195页;24cm |
| ISBN 978-7-209-05026-5:CNY32.00 |
| 本书内容有:充分认识加强网络文化建设和管理的极端重要性、建设中国特色社会主义网络文化、加强网络文化阵地建设、提高网络公共文化产品和服务供给能力等等。 |
| ● |
| 相关链接 |
|
|
|
正题名:网络文化建设与管理
索取号:TP393-05/S111
 
预约/预借
| 序号 | 登录号 | 条形码 | 馆藏地/架位号 | 状态 | 备注 |
| 1 | 775632 | 207756329 | 自科二线404/404自科库 16排2列2层/ [索取号:TP393-05/S111] | 在馆 | |
| 2 | 775633 | 207756338 | 自科库301/301自科库 119排1列5层/ [索取号:TP393-05/S111] | 在馆 | |
| 3 | 775634 | 207756347 | 自科库301/301自科库 119排1列5层/ [索取号:TP393-05/S111] | 在馆 |